| 000 | 00400nam a2200133Ia 4500 | ||
|---|---|---|---|
| 008 | 220217s9999||||xx |||||||||||||| ||und|| | ||
| 020 | _a812390603X | ||
| 082 | _a624.15 KRY | ||
| 100 | _aKrynine, Dimitri, P and Judd, William, R | ||
| 245 | 0 | _aPrinciples of engineering geology and geotechnics | |
| 260 |
_aCBS publishers _bNew Delhi _c2005 |
||
| 300 |
_aXIII, 730p. _b495 |
||
| 650 | _aGEOLOGY | ||
| 999 |
_c187010 _d187010 |
||